| 000 | 00464nam a2200157 4500 | ||
|---|---|---|---|
| 001 | 120322 | ||
| 003 | ES-MaACL | ||
| 005 | 20230906191524.0 | ||
| 007 | t| | ||
| 008 | 070214s1973 sp r ||||1| spa d | ||
| 245 | 0 | 0 |
_aPoesía de hoy _b: versiones del italiano / _cRafael Angel Insausti. |
| 260 |
_aValencia : _b[s.n.], _c1973 ( _fGráf. Soler) |
||
| 300 |
_a57 p. ; _c22 cm. |
||
| 700 | 1 |
_aInsausti, Rafael Angel. _965340 |
|
| 852 |
_aES-MaACL _jC-55985 _bR.88637 |
||
| 999 |
_c120322 _d120322 |
||